| 000 | 00677nam a22002055a 4500 | ||
|---|---|---|---|
| 005 | 20160328111630.0 | ||
| 008 | 160328t2008 flua fr 000 0 eng d | ||
| 020 | _a9781420071504 | ||
| 020 | _a1420071505 | ||
| 040 |
_aEG-ScBUE _beng _cEG-ScBUE _dEG-ScBUE |
||
| 082 | 0 | 4 |
_222 _a660.281 _bASO |
| 100 | 1 |
_939672 _aAsokan, K. |
|
| 245 | 1 | 0 |
_aChemical process calculations : _blecture notes / _cK. Asokan. |
| 260 |
_aBoca Raton : _bCRC Press / Taylor & Francis Group, _bUniversities Press, _cc.2008. |
||
| 300 |
_avii, 253 p. : _bill. ; _c24 cm. |
||
| 650 | 7 |
_2BUEsh _939361 _aChemical processes _xMathematical models. |
|
| 651 | _2BUEsh | ||
| 653 |
_bENGGEN _cMarch2016 |
||
| 942 | _2ddc | ||
| 999 |
_c21521 _d21493 |
||